Monsters Inc (Record no. 74570)

MARC details
000 -LEADER
fixed length control field 01118cab a2200241 4500
001 - CONTROL NUMBER
control field ABS68372
008 - FIXED-LENGTH DATA ELEMENTS--GENERAL INFORMATION
fixed length control field 041015n2004 000 0 eng u
035 ## - SYSTEM CONTROL NUMBER
System control number (Sirsi) u127710
100 ## - MAIN ENTRY--PERSONAL NAME
Personal name Leftly, M.
245 ## - TITLE STATEMENT
Title Monsters Inc
260 ## - PUBLICATION, DISTRIBUTION, ETC.
Date of publication, distribution, etc. 2004
490 ## - SERIES STATEMENT
Series statement Building
Volume/sequential designation 269(8351) 1 October 2004, 44-64(18)
520 ## - SUMMARY, ETC.
Summary, etc. The 2004 consultants' league table ranks the top 200 biggest UK practices with further breakdowns covering the top 100 architects, engineers and surveyors. Data for the top 200 practices includes: total staff worldwide; total and analysis of UK chartered staff; analysis of UK non-chartered staff; annual UK fees; offices; and telephone numbers and websites. Provides a brief commentary on the frontrunners, a table on the top 200 consultants survey results, a list of recent corporate changes and description of the survey methodology.
590 ## - LOCAL NOTE (RLIN)
Local note ABS
650 ## - SUBJECT ADDED ENTRY--TOPICAL TERM
Topical term or geographic name entry element ARCHITECTS
650 ## - SUBJECT ADDED ENTRY--TOPICAL TERM
Topical term or geographic name entry element ENGINEERS
650 ## - SUBJECT ADDED ENTRY--TOPICAL TERM
Topical term or geographic name entry element SURVEYORS
650 ## - SUBJECT ADDED ENTRY--TOPICAL TERM
Topical term or geographic name entry element RANKINGS
650 ## - SUBJECT ADDED ENTRY--TOPICAL TERM
Topical term or geographic name entry element CONSULTANTS
690 ## - LOCAL SUBJECT ADDED ENTRY--TOPICAL TERM (OCLC, RLIN)
Topical term or geographic name as entry element MANAGEMENT-BUSINESS MANAGEMENT-PROFESSIONAL PRACTICE
700 ## - ADDED ENTRY--PERSONAL NAME
Personal name Hewes, M.
942 ## - ADDED ENTRY ELEMENTS (KOHA)
Suppress in OPAC 0
Holdings
Withdrawn status Lost status Source of classification or shelving scheme Damaged status Not for loan Home library Current library Shelving location Date acquired Total Checkouts Full call number Barcode Date last seen Copy number Price effective from Koha item type
    Dewey Decimal Classification     London London Journal article 15/10/2004   ABS68372 127710-1001 06/08/2019 1 06/08/2019 Journal article